Least Corrupt Countries By Continent - Statistics

General Stats
  • This quiz has been taken 31 times
  • The average score is 22 of 30
Answer Stats
Score Country % Correct
74 Canada
96%
42 Argentina
92%
73 Australia
88%
40 Brazil
88%
88 Finland
88%
88 New Zealand
88%
84 Norway
88%
85 Sweden
88%
65 United States
88%
73 Uruguay
88%
70 Chile
85%
88 Denmark
85%
85 Singapore
81%
73 Japan
77%
39 Suriname
77%
65 Bahamas
73%
55 Fiji
73%
82 Netherlands
69%
60 Costa Rica
62%
58 Cape Verde
58%
54 Mauritius
58%
70 Seychelles
58%
45 Vanuatu
58%
67 Barbados
54%
43 Solomon Islands
54%
68 Taiwan
54%
55 Botswana
46%
63 Qatar
46%
70 United Arab Emirates
46%
49 Namibia
42%
No matching quizzes found
Score Distribution
Percent of People with Each Score
Percentile by Number Answered
Your Score History
You have not taken this quiz